Guide to surgical terminology. (Record no. 43829)
[ view plain ]
| 000 -LEADER | |
|---|---|
| fixed length control field | 00706cam9a220021700 4500 |
| 001 - CONTROL NUMBER | |
| control field | lce00804571 |
| 008 - FIXED-LENGTH DATA ELEMENTS--GENERAL INFORMATION | |
| fixed length control field | 720412s1971 nju 000 0 eng |
| 010 ## - LIBRARY OF CONGRESS CONTROL NUMBER | |
| LC control number | 72179405 |
| 035 ## - SYSTEM CONTROL NUMBER | |
| System control number | (Sirsi) r24462 |
| 035 ## - SYSTEM CONTROL NUMBER | |
| System control number | (DLC) 72179405 |
| 035 ## - SYSTEM CONTROL NUMBER | |
| System control number | (UPRA)lce00804571 |
| 040 ## - CATALOGING SOURCE | |
| Modifying agency | UPRA |
| 050 0# - LIBRARY OF CONGRESS CALL NUMBER | |
| Classification number | RD16 |
| Item number | .C64 |
| 082 ## - DEWEY DECIMAL CLASSIFICATION NUMBER | |
| Classification number | 617/.91/0014 |
| 100 1# - MAIN ENTRY--PERSONAL NAME | |
| Personal name | Coleman, Frances, 1913- |
| Dates associated with a name | Coleman, Frances, 1913- |
| Linkage | A86992.1 |
| 245 10 - TITLE STATEMENT | |
| Title | Guide to surgical terminology. |
| 260 ## - PUBLICATION, DISTRIBUTION, ETC. | |
| Place of publication, distribution, etc. | Oradell, NJ : |
| Name of publisher, distributor, etc. | Medical Economics Book Division, |
| Date of publication, distribution, etc. | c1971. |
| 650 #0 - SUBJECT ADDED ENTRY--TOPICAL TERM | |
| Topical term or geographic name entry element | Operations, Surgical -- Terminology. |
| General subdivision | Operations, Surgical -- Terminology. |
| Linkage | S62656.1 |
| 949 ## - LOCAL PROCESSING INFORMATION (OCLC) | |
| a | RD16 |
| w | LC |
| i | -24144 |
| m | MEDICAL |
| t | BOOK |
| l | ON-SHELF |
| Withdrawn status | Lost status | Source of classification or shelving scheme | Damaged status | Not for loan | Home library | Current library | Shelving location | Total Checkouts | Full call number | Barcode | Date last seen | Copy number | Price effective from | Koha item type |
|---|---|---|---|---|---|---|---|---|---|---|---|---|---|---|
| Library of Congress Classification | Medical Library | Medical Library | On Shelf | RD16 | -24144 | 08/13/2019 | 1 | 08/13/2019 | Book |